000
00318 a2200157 4500
001
194260
020
_a
978-85-8193-388-7
040
_c
Magnum
100
_a
Perrault, Charles
240
1
0
_a
Cinderela
_l
por
245
1
0
_a
Cinderela
300
_a
25
362
0
_a
2017
697
_a
LITERATURA INFANTO
942
_c
BK
999
_c
194260
_d
194260